000 01558cam a2200349 i 4500
001 768714001
003 CO-MdFUSB
005 20240723142509.0
007 ta
008 910402t1990 gw b 000 0 ger
010 _a 91136395
020 _a3525516738
040 _aDLC
_cCO-MdFUSB
_bspa
_dCO-MdFUSBC
_erda
041 _ager
082 0 0 _a223.06
_223
_bW527
100 1 _aWestermann, Claus.
_eautor
245 1 0 _aWurzeln der Weisheit :
_bdie ältesten Sprüche Israels und anderer Völker /
_cClaus Westermann.
264 1 _aGöttingen :
_bVandenhoeck & Ruprecht,
_c[1990]
264 4 _c© 1990
300 _a186 páginas ;
_c25 cm
336 _2rdacontent
_atexto
_btxt
337 _2rdamedia
_asin mediación
_bn
338 _2rdacarrier
_avolumen
_bnc
504 _aIncluye referencias bibliográficas páginas. (183-186).
505 _aEstudio e interpretación del Antiguo Testamento. -- Proverbios de la Biblia. -- Biblia AT Proverbios Crítica, interpretación, etc. -- Biblia AT Proverbios Crítica, interpretación, etc. -- Biblia. Proverbios. -- Biblia. Proverbios Crítica, interpretación, etc. -- Crítica, interpretación, etc. -- Israel. -- Literatura sapiencial Crítica, interpretación, etc. -- Proverbios (libro de la Biblia) -- Sabiduría. -- Literatura sapiencial. -- Literatura sapiencial Crítica, interpretación, etc.
563 t _aRústico
630 0 7 _aBiblia.
_pProverbios
_xCrítica, interpretación, etc
942 _cBK
945 _aJTF-925
999 _c65742
_d65742